| 000 | 00893nam a22002175i 4500 | ||
|---|---|---|---|
| 001 | 151411 | ||
| 003 | ES-MaACL | ||
| 005 | 20241212161054.0 | ||
| 008 | 951120s1773 sp |||| | lat d | ||
| 040 |
_aCAM _bspa _cCAM |
||
| 100 | 1 |
_aMamachi, Tommaso Maria. _9153774 |
|
| 245 | 1 | 0 |
_aAlethini Philaretae. (seud.) Epistolarum de venerabilis Johannis Palafoxii Angelopolitani primum, tum Oxomensis episcopi orthodoxia. _ntomus secundus. |
| 260 |
_aMantuae Carpetanorum : _b[s.i.], _c1773. |
||
| 300 |
_a496 p. ; _c4º. |
||
| 594 | 1 | _aPalau, 209852 incluye esta obra entre los impresos anónimos referentes a Juan de Palafox. | |
| 594 | _aEncabez. tomado de Catal. British Museum. | ||
| 597 | 1 | _aSign.: A-3,Q4, 3R1s. | |
| 600 | 1 | 4 |
_aPalafox y Mendoza, Juan de, _d1600-1659 _9239354 |
| 852 |
_aES-MaACL _jR-1358 _z-- Enc. hol. _xOlim: G-13162 |
||
| 999 |
_c151411 _d151411 |
||